000 00277nam a22001217a 4500
020 _a9780205230969
100 _aHENSLIN JAMES M
245 _aSOCIOLOGY: a down to earth approach
250 _a11th ed
260 _aBOSTON
_bPEARSON
_c2012
300 _a657
_bILL
942 _cBK
999 _c251242
_d251242